ՀՀ Գիտությունների ազգային ակադեմիայի հիմնարար գիտական գրադարան  =   Fundamental Scientific Library of NAS RA

Պիոներներին և դպրոցականներին հակաօդային ու հակաքիմիական պաշտպանության մասին : (Record no. 78690)

MARC details
000 -LEADER
fixed length control field 00931nam a2200193 u 4500
001 - CONTROL NUMBER
control field 000223921
003 - CONTROL NUMBER IDENTIFIER
control field AM-YeHGA
005 - DATE AND TIME OF LATEST TRANSACTION
control field 20250618071531.0
008 - FIXED-LENGTH DATA ELEMENTS--GENERAL INFORMATION
fixed length control field 030512s1941 ai r 000 0 arm d
040 ## - CATALOGING SOURCE
Original cataloging agency AM-YeHGA
090 ## - LOCALLY ASSIGNED LC-TYPE CALL NUMBER (OCLC); LOCAL CALL NUMBER (RLIN)
-- 79938
245 00 - TITLE STATEMENT
Title Պիոներներին և դպրոցականներին հակաօդային ու հակաքիմիական պաշտպանության մասին :
Remainder of title Ձեռնարկ «Պատրաստ ՀՕՔՊ»-ի կրծքանշանի մանկ. նորմաները հանձնելուն նախապատրաստվելու համար /
Statement of responsibility, etc. Թարգմ.՚ Ս. Միքայելյան.
250 ## - EDITION STATEMENT
Edition statement Ռուս. 3-րդ հրատ.
260 ## - PUBLICATION, DISTRIBUTION, ETC.
Place of publication, distribution, etc. Երևան :
Name of publisher, distributor, etc. Հայպետհրատ,
Date of publication, distribution, etc. 1941.
300 ## - PHYSICAL DESCRIPTION
Extent 110 էջ :
Other physical details նկ. ;
Dimensions 22 սմ.
500 ## - GENERAL NOTE
General note Հավելված՚ էջ 101-106
650 14 - SUBJECT ADDED ENTRY--TOPICAL TERM
Topical term or geographic name entry element Քաղաքացիական պաշտպանություն
9 (RLIN) 4995
700 1# - ADDED ENTRY--PERSONAL NAME
Personal name Միքայելյան, Ս.
Relator term թարգմ.
Relationship trl
9 (RLIN) 435
Holdings
Withdrawn status Lost status Damaged status Not for loan Collection Home library Current library Date acquired Total checkouts Full call number Barcode Date last seen Cost, replacement price Price effective from Koha item type Public note
        General Fundamental Scientific Library Fundamental Scientific Library 22/12/2016   AII/17324 FL0009502 22/12/2016 2.00 22/12/2016 Գրքեր / Books 30 Days Loan
        General Fundamental Scientific Library Fundamental Scientific Library 22/12/2016   AII/17325 FL0009503 22/12/2016 2.00 22/12/2016 Գրքեր / Books 30 Days Loan


ՀՀ ԳԱԱ հիմնարար գիտական գրադարան
ՀՀ,Երևան 0019
Մարշալ Բաղրամյան 24/6
հեռախոս:(374-10) 52-47-50
Հետադարձ կապ

All site content, except where otherwise noted, is licensed under a
Creative Commons License